[Event "77 España ch 2012"]
[Site "Maspalomas ESP"]
[Date "2012.09.30"]
[Round "2.30"]
[White "Alvarado Diaz, Alejandro"]
[Black "Suarez Buceta, Melquiades"]
[Result "1-0"]
[WhiteElo "2258"]
[BlackElo "1425"]
[PlyCount "57"]
[EventDate "2012.09.29"]
[EventType "swiss"]
[EventRounds "9"]
[EventCountry "ESP"]
[Source "lmi"]
[SourceDate "2012.09.29"]

1. a3 e5 2. c4 Nf6 3. e3 Nc6 4. Nc3 Be7 5. Be2 O-O 6. d3 Re8 7. Nf3 d5 8. cxd5
Nxd5 9. Qc2 Nb6 10. O-O Be6 11. b4 a6 12. Bb2 Bf6 13. Rac1 Bf5 14. Nd2 Rb8 15.
Nde4 Bxe4 16. Nxe4 Nd7 17. Bf3 Rc8 18. Rfe1 Bg5 19. Nxg5 Qxg5 20. Bxc6 bxc6 21.
Qxc6 Nb6 22. Qe4 f6 23. Rc6 Qh5 24. Qf3 Qf7 25. Qe2 Qe7 26. Qc2 e4 27. d4 Qd7
28. Rc1 Re7 29. Rxb6 1-0

[Event "77 España ch 2012"]
[Site "Maspalomas ESP"]
[Date "2012.09.30"]
[Round "2.31"]
[White "Alvarez Pedrosa, Valeriano"]
[Black "Menendez Rey, Francisco Javier"]
[Result "0-1"]
[WhiteElo "1947"]
[BlackElo "2229"]
[PlyCount "94"]
[EventDate "2012.09.29"]
[EventType "swiss"]
[EventRounds "9"]
[EventCountry "ESP"]
[Source "lmi"]
[SourceDate "2012.09.29"]

1. Nf3 e6 2. g3 f5 3. Bg2 Nf6 4. O-O c6 5. d3 Be7 6. Nbd2 d6 7. e4 e5 8. Qe2 c5
9. c3 Nc6 10. Nc4 O-O 11. Bg5 Qe8 12. Rad1 Qh5 13. Bxf6 Rxf6 14. Nd4 Qxe2 15.
Nxe2 f4 16. f3 Be6 17. b3 h5 18. d4 cxd4 19. cxd4 Nxd4 20. Nxd4 exd4 21. Kh1
fxg3 22. hxg3 Rg6 23. Kh2 h4 24. g4 b5 25. Nb2 Rc8 26. Rc1 Rc3 27. Rfd1 h3 28.
Bh1 Bg5 29. Rxc3 Bf4+ 30. Kg1 dxc3 31. Nd3 Be3+ 32. Kh2 a5 33. Kxh3 b4 34. Kg3
Bd7 35. Bg2 c2 36. Re1 Bd2 37. Rg1 Bb5 38. Nc1 Rf6 39. g5 Bxg5 40. Bh3 Be3 41.
Re1 Bd2 42. Rg1 Kf8 43. Bg4 g5 44. Bf5 Rh6 45. Bh3 Ke7 46. Bg2 Kf6 47. Kf2 Ke5
0-1

[Event "77 España ch 2012"]
[Site "Maspalomas ESP"]
[Date "2012.09.30"]
[Round "2.33"]
[White "Marrero Cardenes, Agustin"]
[Black "Natalicchio Escalante, Nicolas"]
[Result "1/2-1/2"]
[WhiteElo "1937"]
[BlackElo "2208"]
[PlyCount "59"]
[EventDate "2012.09.29"]
[EventType "swiss"]
[EventRounds "9"]
[EventCountry "ESP"]
[Source "lmi"]
[SourceDate "2012.09.29"]

1. d4 d5 2. c4 c6 3. Nc3 Nf6 4. cxd5 cxd5 5. Bg5 e6 6. e3 Bb4 7. f3 O-O 8. Bd3
Nc6 9. Nge2 e5 10. O-O Be6 11. Kh1 h6 12. Bh4 a6 13. Rc1 Be7 14. Bg3 Bd6 15.
Na4 e4 16. fxe4 dxe4 17. Bb1 Ng4 18. Qd2 Bxg3 19. hxg3 f5 20. Nf4 Bf7 21. Nc5
Qe7 22. Rfd1 g5 23. Nh3 Rad8 24. Qe2 Nf6 25. Qf2 Ng4 26. Qe2 Bh5 27. a3 Kh7 28.
Rd2 Nf6 29. Qf2 Ng4 30. Qe2 1/2-1/2

[Event "77 España ch 2012"]
[Site "Maspalomas ESP"]
[Date "2012.09.30"]
[Round "2.35"]
[White "Rossello Padron, Carlos"]
[Black "Morales Sanchez, Domingo"]
[Result "1-0"]
[WhiteElo "1882"]
[BlackElo "1512"]
[PlyCount "89"]
[EventDate "2012.09.29"]
[EventType "swiss"]
[EventRounds "9"]
[EventCountry "ESP"]
[Source "lmi"]
[SourceDate "2012.09.29"]

1. c4 e5 2. Nc3 Nf6 3. g3 c6 4. d4 exd4 5. Qxd4 Na6 6. a3 Bc5 7. Qe4+ Qe7 8.
Qxe7+ Bxe7 9. Bg2 O-O 10. e4 Re8 11. Nge2 d6 12. O-O Be6 13. b3 Nd7 14. Nd4 Bf6
15. Be3 Nc7 16. f4 Bxd4 17. Bxd4 f6 18. Rfd1 Nc5 19. Rab1 Bf7 20. e5 N7e6 21.
exf6 Nxd4 22. Rxd4 Rad8 23. fxg7 Re3 24. Ne4 Nxe4 25. Rxe4 Rxe4 26. Bxe4 d5 27.
Rd1 Kxg7 28. b4 Re8 29. Bf5 dxc4 30. Rd7 Kf6 31. Bxh7 Re7 32. Rxe7 Kxe7 33. Kf2
Kd6 34. Be4 b6 35. Ke3 a6 36. g4 c5 37. h4 cxb4 38. axb4 a5 39. bxa5 bxa5 40.
Kd4 a4 41. Bb1 Kc6 42. h5 Kb5 43. Kc3 a3 44. Ba2 Kc5 45. h6 1-0

[Event "77 España ch 2012"]
[Site "Maspalomas ESP"]
[Date "2012.09.30"]
[Round "2.36"]
[White "Suarez Ramirez, Jonay"]
[Black "Perez Castellano, Susana"]
[Result "1-0"]
[WhiteElo "1523"]
[BlackElo "1876"]
[PlyCount "71"]
[EventDate "2012.09.29"]
[EventType "swiss"]
[EventRounds "9"]
[EventCountry "ESP"]
[Source "lmi"]
[SourceDate "2012.09.29"]

1. d4 Nf6 2. Nf3 c5 3. e3 e6 4. c4 cxd4 5. exd4 Bb4+ 6. Nc3 d5 7. Bg5 Qa5 8.
Bd2 O-O 9. Bd3 Nc6 10. O-O dxc4 11. Bxc4 Rd8 12. Be3 Bxc3 13. bxc3 Qxc3 14. Rc1
Qb4 15. Bg5 Qe7 16. Re1 h6 17. Bh4 Na5 18. d5 Nxc4 19. Rxc4 b5 20. Rd4 g5 21.
Bg3 Qf8 22. d6 Nd5 23. Nd2 a5 24. Ne4 f5 25. Nc5 f4 26. Nxe6 Bxe6 27. Rxe6 fxg3
28. Rxd5 Qxf2+ 29. Kh1 Rf8 30. hxg3 Qxg3 31. Rxh6 Kg7 32. Rh3 Qf4 33. Rxb5 Rac8
34. Rb7+ Rf7 35. Rxf7+ Kxf7 36. Rf3 1-0

[Event "77 España ch 2012"]
[Site "Maspalomas ESP"]
[Date "2012.09.30"]
[Round "2.37"]
[White "Ramirez Medina, Victor"]
[Black "Ruiz Macias, Anabel"]
[Result "1-0"]
[WhiteElo "1875"]
[BlackElo "1455"]
[PlyCount "35"]
[EventDate "2012.09.29"]
[EventType "swiss"]
[EventRounds "9"]
[EventCountry "ESP"]
[Source "lmi"]
[SourceDate "2012.09.29"]

1. e4 d5 2. exd5 Qxd5 3. Nc3 Qa5 4. d4 e5 5. dxe5 Qxe5+ 6. Be2 Nf6 7. Nf3 Qd6
8. O-O Nc6 9. Nb5 Qe7 10. Bf4 Bd7 11. Nxc7+ Kd8 12. Nxa8 Qe4 13. Bg3 Bb4 14. c3
Ba5 15. b4 Bb6 16. Nxb6 axb6 17. Qd2 Ke8 18. Rfe1 1-0

[Event "77 España ch 2012"]
[Site "Maspalomas ESP"]
[Date "2012.09.30"]
[Round "2.38"]
[White "Bordon Sanchez, Jose Domingo"]
[Black "Diaz Sanchez, Jose Francisco"]
[Result "0-1"]
[WhiteElo "1473"]
[BlackElo "1868"]
[PlyCount "78"]
[EventDate "2012.09.29"]
[EventType "swiss"]
[EventRounds "9"]
[EventCountry "ESP"]
[Source "lmi"]
[SourceDate "2012.09.29"]

1. e4 c5 2. Nf3 e6 3. d4 cxd4 4. Nxd4 Nf6 5. Nc3 Nc6 6. Ndb5 Bb4 7. Nd6+ Ke7 8.
Ndb5 Nxe4 9. Be2 a6 10. O-O Nxc3 11. Nxc3 Re8 12. Ne4 d5 13. Ng5 h6 14. Nf3 Kf8
15. Bf4 Kg8 16. Ne5 Qf6 17. Nd3 Ba5 18. Bh5 e5 19. Bg3 g6 20. Be2 Bf5 21. f4
Bb6+ 22. Kh1 e4 23. Ne5 Rad8 24. Bg4 Bxg4 25. Nxg4 Qg7 26. Bh4 Rd6 27. f5 g5
28. f6 Qg6 29. Bg3 Rdd8 30. c3 Re6 31. Qb3 h5 32. Qxb6 hxg4 33. Qxb7 e3 34.
Rae1 Rde8 35. Qxa6 e2 36. Rf2 Nd4 37. Qa4 Nc2 38. Rg1 e1=Q 39. Rgf1 Qee4 0-1

[Event "77 España ch 2012"]
[Site "Maspalomas ESP"]
[Date "2012.09.30"]
[Round "2.39"]
[White "Buet, Samuel"]
[Black "Haarkotter Martin, Michael"]
[Result "1-0"]
[WhiteElo "1845"]
[BlackElo "1430"]
[PlyCount "67"]
[EventDate "2012.09.29"]
[EventType "swiss"]
[EventRounds "9"]
[EventCountry "ESP"]
[Source "lmi"]
[SourceDate "2012.09.29"]

1. c4 e5 2. g3 d6 3. Bg2 Nf6 4. Nc3 Be7 5. e4 c6 6. Nge2 Nbd7 7. O-O O-O 8. d3
Nc5 9. f4 exf4 10. Nxf4 Ne6 11. Be3 Nxf4 12. Rxf4 Ne8 13. Qd2 f5 14. Raf1 fxe4
15. Rxf8+ Bxf8 16. Bxe4 Nf6 17. Bg5 Be7 18. Qf2 Be6 19. Bg2 Qf8 20. Re1 Bf7 21.
Qd2 Re8 22. a4 d5 23. Bxf6 Bxf6 24. Rxe8 Bxe8 25. cxd5 Qc5+ 26. Kh1 Bxc3 27.
Qxc3 Qd6 28. dxc6 Bxc6 29. Qc4+ Kf8 30. Bxc6 Qxc6+ 31. Qxc6 bxc6 32. Kg2 Ke7
33. Kf3 Ke6 34. Ke4 1-0

[Event "77 España ch 2012"]
[Site "Maspalomas ESP"]
[Date "2012.09.30"]
[Round "2.41"]
[White "Gonzalez Perez, Cristina"]
[Black "Amador Garcia, Ismael"]
[Result "1-0"]
[WhiteElo "1802"]
[BlackElo "1427"]
[PlyCount "57"]
[EventDate "2012.09.29"]
[EventType "swiss"]
[EventRounds "9"]
[EventCountry "ESP"]
[Source "lmi"]
[SourceDate "2012.09.29"]

1. e4 c5 2. Nc3 d6 3. d3 Nf6 4. g3 g6 5. Bg2 Bg7 6. Be3 O-O 7. Qd2 Nc6 8. h4 h5
9. O-O-O Rb8 10. f3 Ne5 11. Bh6 b5 12. Bxg7 Kxg7 13. g4 hxg4 14. f4 Nc6 15. e5
Nxe5 16. fxe5 dxe5 17. Qg5 Qd4 18. h5 Qf4+ 19. Qxf4 exf4 20. hxg6 Kxg6 21. Bc6
a6 22. Nge2 e5 23. Rh4 Rb6 24. Be4+ Bf5 25. Rdh1 Bxe4 26. Nxe4 Kf5 27. Rh6 Rfb8
28. N2g3+ fxg3 29. Rf1+ 1-0

[Event "77 España ch 2012"]
[Site "Maspalomas ESP"]
[Date "2012.09.30"]
[Round "2.42"]
[White "Sanabria Taskila, Daniel Krist"]
[Black "Sanchez Montesdeoca, Isaac"]
[Result "0-1"]
[WhiteElo "1429"]
[BlackElo "1771"]
[PlyCount "112"]
[EventDate "2012.09.29"]
[EventType "swiss"]
[EventRounds "9"]
[EventCountry "ESP"]
[Source "lmi"]
[SourceDate "2012.09.29"]

1. e4 b6 2. d4 Bb7 3. Nc3 e6 4. a3 Nf6 5. Bg5 h6 6. Bxf6 Qxf6 7. Nf3 a6 8. Bd3
c5 9. d5 e5 10. a4 Be7 11. Ne2 d6 12. Ng3 g6 13. Qd2 Nd7 14. h3 Rc8 15. Bc4 Bd8
16. Qe3 Qg7 17. Qe2 Ra8 18. Nf1 Nf8 19. N1h2 Nh7 20. h4 Nf6 21. g4 Bc8 22. Rg1
Ra7 23. Rg2 Qh7 24. c3 Rg8 25. Kd2 g5 26. h5 Nxe4+ 27. Ke1 Nf6 28. Bd3 e4 29.
Nd2 Re7 30. Bxa6 e3 31. fxe3 Bxa6 32. Qxa6 Rxe3+ 33. Re2 Rxe2+ 34. Qxe2+ Kf8
35. Nc4 Bc7 36. Kd2 Ne4+ 37. Ke1 Kg7 38. Kd1 Re8 39. Qc2 f5 40. a5 bxa5 41.
Nxa5 Qg8 42. c4 Ra8 43. Nb3 Rxa1+ 44. Nxa1 Qe8 45. gxf5 Qxh5+ 46. Qe2 Qxe2+ 47.
Kxe2 Ng3+ 48. Kf3 Nxf5 49. Kg4 Ne3+ 50. Kh5 Nxc4 51. Ng4 Bd8 52. b3 Nb6 53.
Nxh6 Kf6 54. Kg4 Nxd5 55. Nf5 Ke5 56. Nc2 Nc3 0-1

[Event "77 España ch 2012"]
[Site "Maspalomas ESP"]
[Date "2012.09.30"]
[Round "2.43"]
[White "Rodriguez Mellado, Antonio"]
[Black "Rodriguez Rodriguez, Eduardo"]
[Result "1-0"]
[WhiteElo "1760"]
[BlackElo "1401"]
[PlyCount "45"]
[EventDate "2012.09.29"]
[EventType "swiss"]
[EventRounds "9"]
[EventCountry "ESP"]
[Source "lmi"]
[SourceDate "2012.09.29"]

1. e4 d5 2. e5 c5 3. Nf3 Bg4 4. c3 e6 5. Qa4+ Qd7 6. Bb5 Nc6 7. Qxg4 O-O-O 8.
Qa4 Qc7 9. Bxc6 bxc6 10. O-O h5 11. d4 f6 12. Bf4 fxe5 13. Bxe5 Bd6 14. Bxd6
Rxd6 15. dxc5 Rd8 16. Nd4 Kd7 17. b4 Nf6 18. b5 Ng4 19. f4 g5 20. Nxc6 gxf4 21.
Nxd8 Rxd8 22. Qxf4 Qxf4 23. Rxf4 1-0

[Event "77 España ch 2012"]
[Site "Maspalomas ESP"]
[Date "2012.09.30"]
[Round "2.44"]
[White "Suarez Fleitas, Alberto"]
[Black "Cruz Ramirez, Nauzet"]
[Result "0-1"]
[WhiteElo "1426"]
[BlackElo "1760"]
[PlyCount "126"]
[EventDate "2012.09.29"]
[EventType "swiss"]
[EventRounds "9"]
[EventCountry "ESP"]
[Source "lmi"]
[SourceDate "2012.09.29"]

1. e4 c5 2. Nf3 e6 3. d4 cxd4 4. Nxd4 a6 5. Bd3 d6 6. O-O Nf6 7. Bg5 Be7 8. Nc3
O-O 9. a4 b6 10. Qd2 Bb7 11. f3 Nbd7 12. Na2 d5 13. exd5 Nxd5 14. Bxe7 Qxe7 15.
c4 N5f6 16. b3 Rad8 17. Qe3 Nc5 18. Bc2 Qc7 19. Rad1 Rfe8 20. Nc3 e5 21. Nf5
Ne6 22. Rxd8 Rxd8 23. Re1 Nd4 24. Qg5 Nxf5 25. Qxf5 Qc5+ 26. Kf1 Rd2 27. Re2
Qd4 28. Rxd2 Qxd2 29. Qxe5 Nd7 30. Qc7 Nf8 31. Qxb7 Qxc3 32. Qe4 g6 33. Qd3 Qe5
34. g3 Ne6 35. b4 Qa1+ 36. Qd1 Qc3 37. b5 axb5 38. cxb5 Nc5 39. Kg2 Qb2 40. Kf1
Qc3 41. Qd8+ Kg7 42. Qd1 Qc4+ 43. Qe2 Qc3 44. Qd1 h5 45. Kf2 Ne6 46. Qd3 Qc5+
47. Kg2 h4 48. f4 hxg3 49. hxg3 Nd4 50. Bb1 Qb4 51. Bc2 Qb2 52. Kh3 Nxc2 53.
Qd6 Qd4 54. Qc7 Qf2 55. Qe5+ Kh7 56. Qe7 Qf1+ 57. Kh2 Qc4 58. Qh4+ Kg7 59. Qd8
Qe2+ 60. Kh3 Qe6+ 61. Kh2 Ne3 62. Qd4+ Kh7 63. Qb2 Nc4 0-1

[Event "77 España ch 2012"]
[Site "Maspalomas ESP"]
[Date "2012.09.30"]
[Round "2.45"]
[White "Nicolas Fernandez, Juan Antoni"]
[Black "Suarez Pazos, Alberto"]
[Result "1-0"]
[WhiteElo "1417"]
[BlackElo "1741"]
[PlyCount "83"]
[EventDate "2012.09.29"]
[EventType "swiss"]
[EventRounds "9"]
[EventCountry "ESP"]
[Source "lmi"]
[SourceDate "2012.09.29"]

1. c4 c6 2. g3 d5 3. Bg2 Nf6 4. Nf3 Nbd7 5. Nc3 e5 6. cxd5 cxd5 7. d4 e4 8. Nd2
Qb6 9. Nb3 h6 10. O-O Bd6 11. f3 exf3 12. exf3 O-O 13. f4 Qc6 14. Re1 Nb6 15.
a4 Be6 16. Na5 Qd7 17. Nb3 Bb4 18. Nc5 Bxc5 19. dxc5 Nc4 20. b3 Na5 21. Ba3
Rfd8 22. Re5 d4 23. Nb5 Bxb3 24. Qd3 Bc4 25. Qd2 Nb3 26. Qb4 Bxb5 27. Qxb3 Bc6
28. Bxc6 bxc6 29. Rae1 Rab8 30. Qd3 Qb7 31. Bc1 Rd7 32. g4 g6 33. g5 hxg5 34.
fxg5 Nh5 35. Rf1 Qc7 36. Rfe1 Kf8 37. Qe4 Ng7 38. Bf4 Qb7 39. Re7 Rxe7 40. Bd6
Nf5 41. Qe5 Nxd6 42. Qh8# 1-0

[Event "77 España ch 2012"]
[Site "Maspalomas ESP"]
[Date "2012.09.30"]
[Round "2.46"]
[White "Diaz Perez, Jose Juan"]
[Black "Agejas Garcia, Diego"]
[Result "1-0"]
[WhiteElo "1730"]
[BlackElo "1390"]
[PlyCount "53"]
[EventDate "2012.09.29"]
[EventType "swiss"]
[EventRounds "9"]
[EventCountry "ESP"]
[Source "lmi"]
[SourceDate "2012.09.29"]

1. d4 d5 2. c4 e6 3. Nc3 Nf6 4. Bf4 Be7 5. h3 Nbd7 6. c5 b6 7. b4 a5 8. a3 Bb7
9. Nb5 O-O 10. Bxc7 Qc8 11. cxb6 Nxb6 12. Bxb6 Qc6 13. Bc5 Bxc5 14. bxc5 Qxb5
15. e3 Qc6 16. Nf3 Rfb8 17. Bd3 Qc7 18. O-O Bc6 19. Qc2 Qa7 20. Ne5 Bb5 21.
Rab1 Bxd3 22. Qxd3 a4 23. Rxb8+ Qxb8 24. Rb1 Qc8 25. Qb5 Ne8 26. Qb7 Kf8 27.
Qxf7# 1-0

[Event "77 España ch 2012"]
[Site "Maspalomas ESP"]
[Date "2012.09.30"]
[Round "2.47"]
[White "Ramirez Hernandez, Jose Isidro"]
[Black "Monzon Aleman, Ayoze"]
[Result "0-1"]
[WhiteElo "1397"]
[BlackElo "1727"]
[PlyCount "56"]
[EventDate "2012.09.29"]
[EventType "swiss"]
[EventRounds "9"]
[EventCountry "ESP"]
[Source "lmi"]
[SourceDate "2012.09.29"]

1. e4 c6 2. d4 d5 3. Nc3 dxe4 4. Nxe4 Nf6 5. Nxf6+ exf6 6. Nf3 Bd6 7. Qe2+ Be6
8. Be3 O-O 9. Qd1 Re8 10. Bd3 Nd7 11. O-O Bg4 12. c4 b6 13. a3 Qc7 14. h3 Bh5
15. b4 c5 16. dxc5 bxc5 17. b5 Rad8 18. Be2 Ne5 19. Nd2 Bxe2 20. Qxe2 Re7 21.
Kh1 Ng6 22. Qd1 Bf4 23. Re1 Red7 24. Ra2 Qa5 25. Re2 Bxe3 26. fxe3 Ne5 27. Qc2
Qc7 28. Nf3 Nxf3 0-1

[Event "77 España ch 2012"]
[Site "Maspalomas ESP"]
[Date "2012.09.30"]
[Round "2.48"]
[White "Guerrero Ruiz, Jose Luis"]
[Black "Gonzalez Acosta, Pablo"]
[Result "0-1"]
[WhiteElo "1720"]
[BlackElo "1906"]
[PlyCount "76"]
[EventDate "2012.09.29"]
[EventType "swiss"]
[EventRounds "9"]
[EventCountry "ESP"]
[Source "lmi"]
[SourceDate "2012.09.29"]

1. Nc3 c5 2. e4 d6 3. Bb5+ Bd7 4. a4 a6 5. Bc4 e6 6. Nf3 Nf6 7. e5 dxe5 8. Nxe5
Nc6 9. Nxd7 Qxd7 10. O-O Bd6 11. d3 h6 12. Ne4 Nxe4 13. dxe4 Rd8 14. Qg4 Rg8
15. Qh5 Ne5 16. Be2 Ke7 17. Be3 Qc6 18. Qh4+ f6 19. f3 Ng6 20. Qg4 Ne5 21. Qh4
Ng6 22. Qe1 Bf4 23. Bc4 Bxe3+ 24. Qxe3 Rd4 25. b3 Rgd8 26. Qf2 Ne5 27. Qg3 g5
28. Qh3 Nxc4 29. bxc4 Rh8 30. e5 f5 31. Ra3 Rxc4 32. Rd1 Rxa4 33. Rd6 Qb5 34.
Rad3 Rd4 35. Qh5 Qb1+ 36. Kf2 Qxc2+ 37. Kg3 Qxd3 38. Qg6 f4+ 0-1

[Event "77 España ch 2012"]
[Site "Maspalomas ESP"]
[Date "2012.09.30"]
[Round "2.49"]
[White "Garcia Cruz, Jose Manuel"]
[Black "Garceran Izquierdo, Ruben"]
[Result "1/2-1/2"]
[WhiteElo "1368"]
[BlackElo "1719"]
[PlyCount "64"]
[EventDate "2012.09.29"]
[EventType "swiss"]
[EventRounds "9"]
[EventCountry "ESP"]
[Source "lmi"]
[SourceDate "2012.09.29"]

1. d4 c5 2. d5 d6 3. c4 Nf6 4. Nc3 e5 5. Nf3 Be7 6. Bg5 O-O 7. e3 Nbd7 8. Bd3
Nxd5 9. Bxe7 Nxe7 10. Ng5 Nf6 11. Qc2 g6 12. O-O Nc6 13. a3 Nh5 14. Nf3 f5 15.
e4 Nf4 16. Rad1 Nd4 17. Nxd4 cxd4 18. Nd5 Nxd5 19. cxd5 Bd7 20. f3 Rc8 21. Qb3
Qc7 22. Rc1 Qb8 23. Qb4 b6 24. Ba6 Rc5 25. Qd2 Bb5 26. Bxb5 Rxb5 27. Rc6 Rc5
28. b4 Rxc6 29. dxc6 fxe4 30. Qa2+ Kg7 31. fxe4 Rxf1+ 32. Kxf1 b5 1/2-1/2

[Event "77 España ch 2012"]
[Site "Maspalomas ESP"]
[Date "2012.09.30"]
[Round "2.50"]
[White "Ruiz Delgado, Basilio"]
[Black "Moreno Cameno, Juan Carlos"]
[Result "1/2-1/2"]
[WhiteElo "1718"]
[BlackElo "1686"]
[PlyCount "77"]
[EventDate "2012.09.29"]
[EventType "swiss"]
[EventRounds "9"]
[EventCountry "ESP"]
[Source "lmi"]
[SourceDate "2012.09.29"]

1. c4 Nf6 2. g3 c5 3. Nc3 g6 4. Bg2 Bg7 5. e4 d6 6. Nge2 Nc6 7. O-O O-O 8. d3
a6 9. h3 Bd7 10. Be3 Rb8 11. a4 Nb4 12. d4 cxd4 13. Nxd4 Qc8 14. Qb3 Nc6 15.
Kh2 Na5 16. Qb4 Nxc4 17. Bg5 Re8 18. Rac1 Qc5 19. Qxc5 dxc5 20. Nb3 b6 21. Rc2
h6 22. Bf4 e5 23. Bc1 Be6 24. a5 Ne3 25. Bxe3 Bxb3 26. Rd2 Rec8 27. axb6 Rxb6
28. Ra1 Bf8 29. Bf1 Ra8 30. Ra5 Rc6 31. Bb5 Re6 32. Bd7 Nxd7 33. Rxd7 Rc6 34.
Rb7 Be6 35. Nb5 Bc8 36. Rc7 axb5 37. Rxc6 Rxa5 38. Rxc8 Kg7 39. Bxc5 1/2-1/2

[Event "77 España ch 2012"]
[Site "Maspalomas ESP"]
[Date "2012.09.30"]
[Round "2.51"]
[White "Salazar Martin, Jose Maria"]
[Black "Hernandez Diaz, Heriberto"]
[Result "0-1"]
[WhiteElo "1855"]
[BlackElo "1713"]
[PlyCount "44"]
[EventDate "2012.09.29"]
[EventType "swiss"]
[EventRounds "9"]
[EventCountry "ESP"]
[Source "lmi"]
[SourceDate "2012.09.29"]

1. d4 Nf6 2. Bg5 g6 3. Bxf6 exf6 4. c4 Bg7 5. Nc3 d6 6. e4 Nc6 7. a3 f5 8. Nf3
fxe4 9. Nxe4 Qe7 10. Bd3 f5 11. O-O fxe4 12. Bxe4 O-O 13. Re1 Qf6 14. Rb1 Nxd4
15. Qd2 Nxf3+ 16. Bxf3 c6 17. a4 Kh8 18. Re3 Bh6 19. Qc3 Bxe3 20. Qxe3 Bd7 21.
Rd1 a6 22. g3 Qxf3 0-1

[Event "77 España ch 2012"]
[Site "Maspalomas ESP"]
[Date "2012.09.30"]
[Round "2.53"]
[White "Ramirez Maillo, Cristian"]
[Black "Santana Montjoy, Javier"]
[Result "0-1"]
[WhiteElo "1164"]
[BlackElo "1704"]
[PlyCount "60"]
[EventDate "2012.09.29"]
[EventType "swiss"]
[EventRounds "9"]
[EventCountry "ESP"]
[Source "lmi"]
[SourceDate "2012.09.29"]

1. e4 c5 2. c3 d5 3. exd5 Qxd5 4. d4 Nc6 5. Nf3 Bg4 6. Nbd2 cxd4 7. Bc4 Qd7 8.
cxd4 Nf6 9. h3 Bh5 10. Qb3 e6 11. Ne5 Qxd4 12. Nxc6 bxc6 13. Qb7 Qe5+ 14. Kf1
Rd8 15. Qxc6+ Nd7 16. Nf3 Bxf3 17. Qxf3 Bb4 18. Be3 O-O 19. Qe2 Bc5 20. Re1
Bxe3 21. Qxe3 Qxb2 22. Qxa7 Ne5 23. Bb3 Rd2 24. g3 Nd3 25. Qe3 Rxf2+ 26. Kg1
Rg2+ 27. Kf1 Nxe1 28. Kxe1 Rc8 29. Bxe6 Rc1+ 30. Qxc1 Qxc1# 0-1

[Event "77 España ch 2012"]
[Site "Maspalomas ESP"]
[Date "2012.10.01"]
[Round "3.2"]
[White "Camarena Gimenez, Rufino"]
[Black "Perez Candelario, Manuel"]
[Result "0-1"]
[WhiteElo "2393"]
[BlackElo "2575"]
[PlyCount "84"]
[EventDate "2012.09.29"]
[EventType "swiss"]
[EventRounds "9"]
[EventCountry "ESP"]
[Source "lmi"]
[SourceDate "2012.09.29"]

1. d4 g6 2. c4 Bg7 3. e4 d6 4. Nc3 e5 5. dxe5 dxe5 6. Qxd8+ Kxd8 7. f4 Nd7 8.
Nf3 c6 9. fxe5 Nxe5 10. Bf4 f6 11. Be2 Nh6 12. O-O-O+ Ke8 13. Nxe5 fxe5 14. Bg5
Nf7 15. Be3 Bf6 16. Rdf1 Be7 17. Rf2 Rf8 18. Rhf1 Nd8 19. Rxf8+ Bxf8 20. h4 Be6
21. h5 Be7 22. hxg6 hxg6 23. Rh1 Nf7 24. Nd1 Rd8 25. Nf2 b6 26. b3 Bg5 27. Bxg5
Nxg5 28. Rh8+ Ke7 29. Rxd8 Kxd8 30. Bg4 Nxe4 31. Bxe6 Nxf2 32. Bf7 Nd3+ 33. Kd2
Nf4 34. c5 bxc5 35. g3 Ke7 36. Bc4 Nh5 37. g4 Nf6 38. Be2 g5 39. Ke3 e4 40. Ba6
Kd6 41. Bb7 Kd5 42. Bc8 Ke5 0-1

[Event "77 España ch 2012"]
[Site "Maspalomas ESP"]
[Date "2012.10.01"]
[Round "3.3"]
[White "Arizmendi Martinez, Julen Luis"]
[Black "Ortega Hermida, Daniel"]
[Result "1-0"]
[WhiteElo "2560"]
[BlackElo "2392"]
[PlyCount "67"]
[EventDate "2012.09.29"]
[EventType "swiss"]
[EventRounds "9"]
[EventCountry "ESP"]
[Source "lmi"]
[SourceDate "2012.09.29"]

1. d4 Nf6 2. Nf3 c5 3. d5 e6 4. c4 exd5 5. cxd5 d6 6. Nc3 g6 7. e4 a6 8. a4 Bg4
9. Be2 Bxf3 10. Bxf3 Nbd7 11. Bf4 Qe7 12. O-O Bg7 13. Re1 O-O 14. a5 h5 15. Qd2
Nh7 16. Be3 Rfe8 17. Rab1 Rac8 18. Be2 c4 19. f3 Nc5 20. Bxc4 Nxe4 21. Nxe4
Rxc4 22. b3 Rcc8 23. Bf4 Be5 24. Bxe5 Qxe5 25. f4 Qe7 26. f5 Qe5 27. fxg6 fxg6
28. Nc5 Rxc5 29. Rxe5 Rxe5 30. Qh6 Rg5 31. Re1 Rc2 32. Re8+ Kf7 33. Qxh7+ Kxe8
34. Qg8+ 1-0

[Event "77 España ch 2012"]
[Site "Maspalomas ESP"]
[Date "2012.10.01"]
[Round "3.4"]
[White "Ladron De Guevara Pinto, Paolo"]
[Black "Anton Guijarro, David"]
[Result "0-1"]
[WhiteElo "2378"]
[BlackElo "2546"]
[PlyCount "46"]
[EventDate "2012.09.29"]
[EventType "swiss"]
[EventRounds "9"]
[EventCountry "ESP"]
[Source "lmi"]
[SourceDate "2012.09.29"]

1. e4 c5 2. Nf3 e6 3. d4 cxd4 4. Nxd4 a6 5. c4 Nf6 6. Nc3 Qc7 7. a3 d6 8. Be2
Nbd7 9. Be3 b6 10. O-O Bb7 11. f3 Rc8 12. Rc1 Qb8 13. b4 Be7 14. g4 g5 15. Rf2
h5 16. h4 d5 17. hxg5 Nxg4 18. fxg4 Qg3+ 19. Kf1 hxg4 20. Bf3 gxf3 21. Qxf3
Qxf3 22. Nxf3 dxe4 23. Nd4 Rh1+ 0-1

[Event "77 España ch 2012"]
[Site "Maspalomas ESP"]
[Date "2012.10.01"]
[Round "3.6"]
[White "Gutierrez Olivares, Daniel"]
[Black "Alsina Leal, Daniel"]
[Result "1/2-1/2"]
[WhiteElo "2368"]
[BlackElo "2528"]
[PlyCount "110"]
[EventDate "2012.09.29"]
[EventType "swiss"]
[EventRounds "9"]
[EventCountry "ESP"]
[Source "lmi"]
[SourceDate "2012.09.29"]

1. c4 e5 2. Nc3 Nf6 3. Nf3 Nc6 4. e4 Bb4 5. d3 d6 6. a3 Bxc3+ 7. bxc3 O-O 8. g3
Nd7 9. Bg2 Nc5 10. Nh4 a5 11. a4 Bd7 12. O-O Qe8 13. d4 exd4 14. cxd4 Nxd4 15.
Qxd4 Nb3 16. Qc3 Nxa1 17. Bb2 f6 18. Rxa1 Bxa4 19. c5 Bc6 20. cxd6 cxd6 21. Nf5
a4 22. Nxd6 Qe6 23. Ba3 h6 24. Bf1 Kh7 25. Bc4 Qe5 26. Qxe5 fxe5 27. Bb2 Rfb8
28. Bxe5 b5 29. Nxb5 Bxb5 30. Bxb8 Bxc4 31. Bd6 Bb3 32. h4 h5 33. Kg2 Kg6 34.
Kf3 Rd8 35. Bc5 Rd1 36. Rxd1 Bxd1+ 37. Ke3 Kf7 38. Kf4 g6 39. Kg5 Bc2 40. f3
Bd1 41. Kf4 Ke6 42. Bd4 a3 43. g4 hxg4 44. fxg4 a2 45. Kg5 Kf7 46. h5 gxh5 47.
gxh5 Bc2 48. Kf5 Kg8 49. Kf4 Kh7 50. e5 Bb3 51. Kg5 Bc4 52. Bc3 Bb3 53. Kf6 Kh6
54. e6 Bxe6 55. Kxe6 Kxh5 1/2-1/2

[Event "77 España ch 2012"]
[Site "Maspalomas ESP"]
[Date "2012.10.01"]
[Round "3.7"]
[White "Moreno Tejera, Emilio"]
[Black "Larino Nieto, David"]
[Result "0-1"]
[WhiteElo "2358"]
[BlackElo "2487"]
[PlyCount "58"]
[EventDate "2012.09.29"]
[EventType "swiss"]
[EventRounds "9"]
[EventCountry "ESP"]
[Source "lmi"]
[SourceDate "2012.09.29"]

1. e4 e5 2. Nf3 Nc6 3. Bb5 Nd4 4. Nxd4 exd4 5. O-O c6 6. Ba4 Nf6 7. Re1 h5 8.
e5 Ng4 9. g3 d3 10. Nc3 d5 11. exd6+ Be6 12. Ne4 Bxd6 13. Qf3 Be7 14. b4 h4 15.
Bb2 hxg3 16. hxg3 Nh2 17. Qf4 Qd5 18. Bxg7 Rh7 19. Bb3 Qh5 20. Nf6+ Bxf6 21.
Qxf6 Nf3+ 22. Kg2 Nxe1+ 23. Rxe1 Qh3+ 24. Kf3 Qg4+ 25. Kg2 Qxg7 26. Rxe6+ fxe6
27. Qxe6+ Kd8 28. Qd6+ Qd7 29. Qf8+ Kc7 0-1